Managing yourself Mike Pedler & Tom Boydell
Saved in:
| 主要作者: | |
|---|---|
| 格式: | 图书 |
| 出版: |
England :
Gower Publishing Company Ltd.,
c1990.
|
| 主题: | |
| 标签: |
添加标签
没有标签, 成为第一个标记此记录!
|
MARC
| LEADER | 00000nam a22000005a 4500 | ||
|---|---|---|---|
| 020 | |a 0944499767 |c TZS 49,447.63 | ||
| 040 | |a MUL |b eng |e AACR | ||
| 082 | |a 650.1 PED | ||
| 100 | |a Pedler Mike | ||
| 245 | 0 | 0 | |a Managing yourself |b Mike Pedler & Tom Boydell |
| 260 | |a England : |b Gower Publishing Company Ltd., |c c1990. | ||
| 300 | |a 236 p. : |b ill. ; |c 20 cm. | ||
| 650 | 0 | |a Managing yourself |z England | |
| 650 | 0 | |a Knowing yourself | |
| 650 | 0 | |a Being yourself | |
| 942 | |c BK | ||
| 999 | |c 2617 |d 2617 | ||